Reálný devizový kurs, zákon jediné ceny a teorie parity kupní síly.

Dlhodobé príčiny odchýlok devízových kurzov od parity kúpnej sily. Dlhodobá teória reálneho devízového kurzu. Zákon jedinej ceny a model čiastočnej rovnováhy, teória parity kúpnej sily. Demonštrácia pôsobenia zákona jedinej ceny a určenia nominálneho devízového kurzu na modeli všeobecnej rovnováhy.

Na minha lista:
Detalhes bibliográficos
Autor principal: Holman, R.
Formato: Capítulo de Livro
Idioma:tcheco
Assuntos:
Tags: Adicionar Tag
Sem tags, seja o primeiro a adicionar uma tag!

MARC

LEADER 00000naa a2200000 4500
001 r012278
005 20220826094730.3
041 0 |a cze 
044 |a CZ 
245 1 0 |a Reálný devizový kurs, zákon jediné ceny a teorie parity kupní síly.  |c R. Holman 
520 |a Dlhodobé príčiny odchýlok devízových kurzov od parity kúpnej sily. Dlhodobá teória reálneho devízového kurzu. Zákon jedinej ceny a model čiastočnej rovnováhy, teória parity kúpnej sily. Demonštrácia pôsobenia zákona jedinej ceny a určenia nominálneho devízového kurzu na modeli všeobecnej rovnováhy. 
610 2 0 |a kurz devízový 
610 2 0 |a sila kúpna peňazí 
610 2 0 |a parita 
610 2 0 |a ceny 
610 2 0 |a teórie ekonomické 
610 2 0 |a modely rovnováhy 
610 2 0 |a trh devízový 
610 2 0 |a trh peňažný 
610 2 0 |a trh 
610 2 0 |a tovar 
610 2 0 |a faktory výrobné 
610 2 0 |a služby 
100 1 |a Holman, R.